Los desafíos a la sociedad abierta a fines del siglo XX /

Selección de las principales ponencias del seminario Los Desafíos a la Sociedad Abierta a Fines del Siglo XX, que tuvo lugar en Rosario, Argentina, en junio de 1998 con la participación de casi cien intelectuales y economistas de todo el mundo. Los ponentes reflexionan sobre el fin de siglo, la glob...

Celý popis

Uloženo v:
Podrobná bibliografie
Korporativní autor: Seminario Los Desafíos a la Sociedad Abierta a Fines del Siglo XX ( Fundación Libertad)
Médium: Konferenční příspěvek Kniha
Jazyk:španělština
Vydáno: Rosario, Argentina : Ameghino, 1999, c1999
Témata:
Tagy: Přidat tag
Žádné tagy, Buďte první, kdo vytvoří štítek k tomuto záznamu!

MARC

LEADER 00000nam^a2200000^a^4500
001 000136893
005 20250521000000.0
009 20260310095333.417
020 |a 987-9216-94-6 
037 |a Acervo ITESO - Biblioteca 
041 |a ESP 
082 |a 320. 9  |b SEM DES 
111 |a Seminario Los Desafíos a la Sociedad Abierta a Fines del Siglo XX (  |d 1998 :  |c Fundación Libertad) 
245 1 4 |a Los desafíos a la sociedad abierta a fines del siglo XX /  |c Pról. de Gerardo Bongiovanni. 
264 4 |a Rosario, Argentina :  |b Ameghino,  |c 1999, c1999 
300 |a 255 p. 
336 |a texto  |b txt  |2 rdacontenido 
337 |a sin mediación  |b n  |2 rdamedio 
338 |a volumen  |b nc  |2 rdasoporte 
520 |a Selección de las principales ponencias del seminario Los Desafíos a la Sociedad Abierta a Fines del Siglo XX, que tuvo lugar en Rosario, Argentina, en junio de 1998 con la participación de casi cien intelectuales y economistas de todo el mundo. Los ponentes reflexionan sobre el fin de siglo, la globalización de la economía y la información y los aciertos de los procesos de reformas en América Latina emprendidos después de 1989, pero también la fatiga de estos procesos y sus asignaturas pendientes. 
649 |a XX 
650 |a Globalización -  |x Congresos 
650 |a Internet -  |x Aspectos Sociales y Culturales 
650 |a Tecnologías de Comunicación e Información -  |x Aspectos Sociales y Culturales 
650 |a Medios de Comunicación 
650 |a Comunicación Masiva 
650 |a Corrupción 
650 |a Empleo y Desempleo 
650 |a Justicia e Injusticia 
650 |a Problemas Sociales 
650 |a Mercado de Trabajo 
650 |a Reforma Económica -  |z Latinoamérica 
650 |a Apertura Comercial e Integración Económica 
650 |a Economía -  |z Latinoamérica -  |x Historia -  |y 1990-1999 
650 |a Economía -  |z Latinoamérica -  |x Historia -  |y Siglo XX 
650 |a Latinoamérica -  |x Condiciones Económicas 
650 |a Economía Internacional 
650 |a Cambios Políticos -  |z Latinoamérica 
650 |a Reforma Política -  |z Latinoamérica 
650 |a Educación y Política 
650 |a Política y Salud Pública 
650 |a Política Laboral 
650 |a Política Cultural 
650 |a Política Social 
650 |a Política -  |z Latinoamérica -  |x Historia -  |y 1990-1999 
650 |a Política -  |z Latinoamérica -  |x Historia -  |y Siglo XX 
650 |a Política -  |z Europa -  |x Historia -  |y 1989-2000 
650 |a Política -  |z Europa -  |x Historia -  |y Siglo XX 
650 |a Latinoamérica -  |x Condiciones Políticas 
650 |a Europa -  |x Condiciones Políticas 
650 |a Política Internacional 
910 |a Fondo General 
920 |a Impresos - Libros 
930 |a Colección General 
905 |a 101 
901 |a 0500065651  |b IT1  |c ACC  |u 20250521 
902 |a https://opac.biblio.iteso.mx/vufind/Record/000136893